000 00574nam a2200241 a 4500
001 nice12345678
003 IN_TiNIC
005 20260116011556.0
008 050524s1924 dela grp 000 0 eng
020 _a
_c0
082 0 0 _a269.2
_bZWE11
100 _aZwemer, Samuel M
245 _aLaw of Apostasy in Islam
260 _aDelhi
_bCurzon Press
_c1924
300 _a164p
500 _aincludes index and biblioraphy
505 2 _aBibliography
650 _aEvangelistic Work
700 1 _aZwemer, Samuel M
902 _bSRS
942 _cBK
999 _c2697
_d2697